Cultura Geral 6 - Statistics

Estatísticas Gerais
  • Esse quiz foi jogado 553 vezes
  • A pontuação média é 13 de 15
Estatísticas das Respostas
Hint Resposta % Correto
Quantos centímetros tem um metro? 100
100%
Qual cidade foi dividida por um muro entre 1961 e 1989, derrubado por sua população? Berlim
96%
Em qual cidade está o monumento Coliseu, também conhecido como Anfiteatro Flaviano? Roma
94%
O que a Botânica estuda? Plantas
92%
Qual substância não se mistura com a água? Óleo
90%
Qual esporte pratica o atleta inglês David Beckham? Futebol
89%
Quem foi o primeiro presidente negro dos Estados Unidos? Obama
89%
Em qual cidade surgiu a banda The Beatles? Liverpool
83%
Qual parte da planta é responsável pela fotossíntese? Folha
82%
Qual a capital de Cuba? Havana
82%
Como foi chamado o assassinato em massa cometido pelos nazistas durante a Segunda Guerra Mundial? Holocausto
81%
Qual é o único mamífero que voa? Morcego
79%
Quais cidades japonesas foram atingidas pelas bombas atômicas lançadas pelos Estados Unidos em 1945? Hiroshima e Nagasaki
78%
Qual ave é capaz de bater as asas até 200 vezes por segundo? Beija-flor
74%
Em que país nasceu o personagem de ficção Conde Drácula? Roménia
63%
Nenhum quiz correspondente encontrado
Distribuição das Pontuações
Porcentagem de Pessoas com Cada Pontuação
Percentil de Números Respondidos
Sua Pontuação Histórica
Você não jogou esse quiz